| 000 | 00501nam a22001577a 4500 | ||
|---|---|---|---|
| 008 | 230428b |||||||| |||| 00| 0 eng d | ||
| 020 | _a0521331153 | ||
| 040 |
_aNational Science Library _cNational Science Library |
||
| 080 |
_a519.2:123.11 _bM9 |
||
| 100 |
_aGigerenzer, Gerd _96123 |
||
| 245 |
_aEmpire of chance: _bHow probability changed science and everyday life |
||
| 260 |
_aNew York: _bCambridge University Press, _c1989 |
||
| 300 | _axvii, 340p. | ||
| 650 | _aScience | ||
| 942 |
_2udc _cBK |
||
| 999 |
_c24629 _d24629 |
||